00765nam a2200205I 45000010008000000030004000080050017000120080041000290100013000700400024000830820015001071000037001222450116001592600049002753000036003245000103003605040030004636500014004937000052005072476387OSt20181205184054.0761001s1944 nyu b 001 0 eng  a44005786 aDLCcYAHdm.c.dDNU a251bB863O1 aBroadus, John Albert,d1827-189510aOn the preparation and delivery of sermons,cby John A. Broadus. New and rev. ed. by Jesse Burton Weatherspoon aNew York,aLondon,bHarper brothers,c[1944] axviii p., 1 ℓ., 392 p.c22 cm aFirst edition, 1870, published under title: A treatise on the preparation and delivery of sermons aBibliography : p. 379-388 0aPreaching1 aWeatherspoon, J. B.q(Jesse Burton),d1886-1964